01263nam a2200253 a 450000100100000000500170001000800410002702000150006804000250008308200190010810000250012724503640015226000820051630000390059850400560063750400310069365000370072465000260076165000200078770000360080770000280084371000650087171000730093600000540620200929151652.0090819s1985 es ad 001 0 spa d a8400060938 aDO-SdBNPbspacBNPHU a631.587bA545m1 aAnderson, Raymond L.13aUn modelo de simulación para sistemas de regadío. :blos efectos del suministro y de los procedimientos operativos de distribución de agua en la producción y en las rentas de las explotaciones de regadío /cRaymond L. Anderson, Arthur Maass ; traducción, introducción y preparación de la edición en español por Francisco Sánchez López. aMadrid, España :bConsejo Superior de Investigaciones Científicas,c1985. a190 p. :bil., gráfcs. ;c25 cm. aIncluye bibliografía y notas al pie de páginas. aBibliografía: p.163-165. 4aRiegoxMétodos de simulación 4aCultivos de regadío 4aCultivos y agua1 aSánchez López, Arturo,eed.1 aMaass, Arthur,epról.1 aConsejo Superior de Investigaciones Científicas (España)1 aCentro de Edafología y Biología Aplicada de Salamanca (España)